000 00463nam a22001577a 4500
005 20250123085933.0
008 250123b |||||||| |||| 00| 0 eng d
020 _a070699745X
050 _aRA440.5 RAM
100 _aRamachandran, L.
245 _aHealth Education: a New Approach/
_cL. Ramachandran, T. Dharmalingam
260 _aNew Delhi
_bVikas Publishing House
_c2005
300 _ax. 284p.
_bill.
_c21.5cm
700 _aDharmalingam, T.
942 _2lcc
_cBK
_n0
999 _c2877
_d2877